Llei de Cooperatives de Catalunya : amb el decret i l'ordre d'estructuració del registre amb el decret i l'ordre d'estructuració del registre
Publicado:
[Barcelona] :
Generalitat de Catalunya, Departament de Treball, Direcció General de Cooperatives, dl 1984
Descripción Física:
71 p. ; 24 cm
Otros Autores:
Catalunya. Direcció General de Cooperatives
MARC
| LEADER | 00000nam a2200000Ia 4500 | ||
|---|---|---|---|
| 001 | 1610 | ||
| 008 | 160829s9999 xx 000 0 cat d | ||
| 080 | |a M-3-360 | ||
| 100 | |a Catalunya. Llei de cooperatives (1983) |9 39677 | ||
| 245 | |a Llei de Cooperatives de Catalunya : |b amb el decret i l'ordre d'estructuració del registre | ||
| 260 | |a [Barcelona] : |b Generalitat de Catalunya, Departament de Treball, Direcció General de Cooperatives, dl 1984 | ||
| 300 | |a 71 p. ; |c 24 cm | ||
| 650 | |a Cooperatives |x Dret i legislació |x Catalunya |9 39210 | ||
| 700 | |a Catalunya. Direcció General de Cooperatives |9 24818 | ||
| 901 | |a Arxiu | ||
| 942 | |n 1 | ||
| 952 | |0 0 |1 0 |4 0 |6 M3360 |7 1 |9 49154 |a Arxiu |b Arxiu |d 2016-12-01 |l 0 |o M-3-360 |p 1610 |r 2016-12-01 00:00:00 |w 2016-12-01 |y ARXIU | ||
| 999 | |c 52993 |d 52993 | ||